Statistics for Ten things in fifteen seconds

Click here to take the quiz!

General Stats

  • This quiz has been taken 199 times
  • The average score is 4 of 10

Answer Stats

Answer% Correct
House
99%
Hand
87%
Bike
85%
Dog
46%
Road
37%
Ball
31%
Skeleton
25%
Person
23%
Juice
8%
Flags
2%

Score Distribution

Percentile by Number Answered

Percent of People with Each Score

Your Score History

You have not taken this quiz